Introducción a la literatura fantástica
Saved in:
| Hovedforfatter: | |
|---|---|
| Format: | Bog |
| Sprog: | spansk |
| Udgivet: |
Buenos Aires
Tiempo Contemporáneo
1972
|
| Serier: | Colección Trabajo Crítico
|
| Fag: | |
| Tags: |
Tilføj Tag
Ingen Tags, Vær først til at tagge denne postø!
|
MARC
| LEADER | 00000nam a2200000 a 4500 | ||
|---|---|---|---|
| 001 | UCX5802 | ||
| 003 | CL-VaPUC | ||
| 008 | 930119e19720000AG |||||||||||||||||spa|d | ||
| 082 | 0 | 4 | |a 809.3 |b TOD |2 21 |
| 100 | 0 | |a Todorov, Tzvetan |e author |9 322175 | |
| 245 | 1 | 0 | |a Introducción a la literatura fantástica |
| 300 | |a 212 p | ||
| 942 | |c BK | ||
| 945 | |d 19930119 00:00:00 | ||
| 260 | |a Buenos Aires |b Tiempo Contemporáneo |c 1972 | ||
| 650 | 7 | |a LITERATURA FANTASTICA HISTORIA Y CRITICA |2 CL-VaPUC |9 322081 | |
| 583 | |a last modification |c 19930119 00:00:00 |k Rodrigo Vera | ||
| 490 | 0 | |a Colección Trabajo Crítico | |
| 999 | |c 225975 |d 225973 | ||
| 952 | |0 0 |1 0 |4 0 |6 809_300000000000000_TOD_1972 |7 0 |8 A |9 223960 |a BIBEDU |b BIBEDU |d 2019-11-15 |i 2927667 |o 809.3 TOD 1972 |p 2927667 |r 2019-11-15 |w 2019-11-15 |y BK |k LIT | ||